Statistiken für Katzenrassen erraten

Klicken Sie hier um das Quiz zu spielen!

Allgemein

  • Dieses Quiz wurde 509 mal gespielt
  • Das Durchschnittsergebnis liegt bei 4 aus 12

Antwortstatistiken

Antwort% Korrekt
Bengal
62%
Britisch Kurzhaar
61%
Maine Coon
54%
Norwegische Waldkatze
49%
Perser
46%
Sphynx
42%
Ragdoll
29%
Munchkin
27%
Glückskatze
23%
Manx
7%
Balinese
5%
Havana
4%

Verteilung der Resultate

Perzentil nach korrekt beantworteten Fragen

Anzahl Personen mit jedem Resultat

Ihre Resultats-Entwicklung

Sie haben dieses Quiz noch nicht gespielt